Hopes and realities : closing the gap between women's aspirations and their reproductive experiences /

Saved in:
Bibliographic Details
Main Author: Wulf, Deirdre
Corporate Author: Alan Guttmacher Institute
Other Authors: Singh, Susheela
Format: Book
Language:English
Published: New York, N.Y. : The Institute, c1995.
Subjects:
LEADER 01657cam a2200445 a 4500
001 c000395443
003 CARM
005 20140106102432.0
008 140106s1995 nyua bs 000 0 eng d
010 |a 97212708 
016 7 |a 9515156  |2 DNLM 
019 1 |a 69841280  |5 LACONCORD2021 
020 |a 0939253380 (pbk.) 
035 |a (OCoLC)33838106  |5 LACONCORD2021 
040 |a LC  |b eng  |c LC 
042 |a lccopycat 
050 0 0 |a HQ766  |b .W85 1995 
060 1 0 |a HQ 767 
060 0 |a 1995 J-117 
082 0 4 |a 305.4  |2 21 
100 1 |a Wulf, Deirdre. 
245 1 0 |a Hopes and realities :  |b closing the gap between women's aspirations and their reproductive experiences /  |c the Alan Guttmacher Institute ; [written by Deirdre Wulf]. 
260 |a New York, N.Y. :  |b The Institute,  |c c1995. 
300 |a 56 p. :  |b col. ill. ;  |c 28 cm. 
500 |a "Susheela Singh ... directed the research, and Deirdre Wulf ... wrote this report"--p. 2. 
504 |a Includes bibliographical references (p. 54-56) 
650 0 |a Birth control. 
650 0 |a Birth control  |v Statistics. 
650 0 |a Women  |x Social conditions. 
650 0 |a Family size. 
650 0 |a Family size  |v Statistics. 
650 0 |a Fertility, Human. 
650 0 |a Fertility, Human  |v Statistics. 
700 1 |a Singh, Susheela. 
710 2 |a Alan Guttmacher Institute. 
852 8 |b CARM  |p 0557177  |f BK 
852 8 |b SCAN  |h A3:AH18C0  |i F08761  |p 0557177  |f BK 
999 f f |i 1d658bc3-d461-5728-99e2-b9e08d51f85d  |s fdcc585b-4262-5b5e-8712-88293dc3f200 
952 f f |p Can circulate  |a CAVAL  |b CAVAL  |c CAVAL  |d CARM 1 Store  |i book  |m 0557177 
952 f f |a CAVAL  |b CAVAL  |c CAVAL  |d Unmapped Location  |e F08761  |f A3:AH18C0  |h Other scheme